<?xml version="1.0" encoding="UTF-8"?>
<record
    xmlns:xsi="http://www.w3.org/2001/XMLSchema-instance"
    xsi:schemaLocation="http://www.loc.gov/MARC21/slim http://www.loc.gov/standards/marcxml/schema/MARC21slim.xsd"
    xmlns="http://www.loc.gov/MARC21/slim">

  <leader>00342nam a22001217a 4500</leader>
  <datafield tag="040" ind1=" " ind2=" ">
    <subfield code="c">SY</subfield>
  </datafield>
  <datafield tag="082" ind1=" " ind2=" ">
    <subfield code="a">630</subfield>
  </datafield>
  <datafield tag="100" ind1=" " ind2=" ">
    <subfield code="a">&#x1784;&#x17C9;&#x17BC; &#x1788;&#x1793;&#x17CB;</subfield>
  </datafield>
  <datafield tag="245" ind1=" " ind2=" ">
    <subfield code="a">&#x1780;&#x17B6;&#x179A;&#x1792;&#x17D2;&#x179C;&#x17BE;&#x1787;&#x17B8;&#x178A;&#x17C4;&#x1799;&#x1782;&#x17D2;&#x179A;&#x17BF;&#x1784;&#x1799;&#x1793;&#x17D2;&#x178F;&#x179F;&#x17C6;&#x179A;&#x17B6;&#x1794;&#x17CB;&#x178A;&#x17C6;&#x178E;&#x17B6;&#x17C6;&#x1790;&#x17D2;&#x1793;&#x17B6;&#x17C6;&#x1787;&#x1780;&#x17CB;</subfield>
  </datafield>
  <datafield tag="260" ind1=" " ind2=" ">
    <subfield code="a">RUA</subfield>
    <subfield code="b">&#x1784;&#x17C9;&#x17BC;</subfield>
    <subfield code="c">1994</subfield>
  </datafield>
  <datafield tag="300" ind1=" " ind2=" ">
    <subfield code="a">74p.</subfield>
  </datafield>
  <datafield tag="942" ind1=" " ind2=" ">
    <subfield code="c">KB</subfield>
  </datafield>
  <datafield tag="999" ind1=" " ind2=" ">
    <subfield code="c">9617</subfield>
    <subfield code="d">9617</subfield>
  </datafield>
  <datafield tag="952" ind1=" " ind2=" ">
    <subfield code="0">0</subfield>
    <subfield code="1">0</subfield>
    <subfield code="4">0</subfield>
    <subfield code="6">630_000000000000000_&#x1784;&#x17BC;&#x179C;_1994_C238</subfield>
    <subfield code="7">0</subfield>
    <subfield code="9">51684</subfield>
    <subfield code="a">LBC</subfield>
    <subfield code="b">LBC</subfield>
    <subfield code="c">C238</subfield>
    <subfield code="d">2016-09-06</subfield>
    <subfield code="o">630 &#x1784;&#x17C9;&#x17BC;&#x179C;&#x200B; 1994 C238</subfield>
    <subfield code="p">RUA045086</subfield>
    <subfield code="r">2016-09-06</subfield>
    <subfield code="y">KB</subfield>
  </datafield>
</record>
